000 00859pam a2200289 a 4500
001 4815978
003 OSt
005 20211020145448.0
008 890215s1989 nyua b 001 0 eng
010 _a 89002372
020 _a0023598816
038 _akhadija
040 _aDLC
_cDLC
_dDLC
050 0 0 _aTK454
_b.I78 1990.
082 0 0 _a621.3192
_219
_bIRW
100 1 _aIrwin, J. David,
_d1939-
_983242
245 1 0 _aBasic engineering circuit analysis /
_cJ. David Irwin.
250 _a3rd ed.
260 _aNew York :
_bMacmillan ;
_aLondon :
_bCollier Macmillan,
_cc1990.
300 _axvii, 936 p. :
_bill. (some col.) ;
_c24 cm.
500 _aIncludes index.
504 _aBibliography: p. 909-910.
563 _aHardcover
650 0 _aElectric circuit analysis.
_92075
906 _a7
_bcbc
_corignew
_d1
_eocip
_f19
_gy-gencatlg
942 _2ddc
_cBK
999 _c33404
_d33404